000 00553ntaaa2200205 4500
003 01
005 20251027202108.0
008 0714s1973 ag 01
040 _aAR-BaBN
_bspa
_cAR-BaBN
_eaacr
_dRIC
082 _a252.0200 G99
100 _aGuzman, J. Concepción
_919462
245 _aFuentes de bendición
250 _a1 ed.
260 _aEl Paso :
_bCasa Bautista de Publicaciones,
_c1961
300 _a99 p
500 _aEj. 2 (13059) falta según inventario 1976
650 _abosquejos-sermones
650 _asermones-bosquejos
942 _cBK
999 _c15815
_d15815